Ley de la jurisdicción contencioso administrativo/ (Registro nro. 8282)

Detalles MARC
000 -LEADER
fixed length control field 00885nam a2200181Ia 4500
005 - FECHA Y HORA DE LA ÚLTIMA TRANSACCIÓN
control field 20250123094743.0
008 - FIXED-LENGTH DATA ELEMENTS--GENERAL INFORMATION
fixed length control field 230609s9999 xx 000 0 und d
040 ## - CATALOGING SOURCE
Original cataloging agency UPAN
Transcribing agency Biblioteca San Vicente
Description conventions RCAA2
041 ## - LANGUAGE CODE
Language code of text/sound track or separate title spa
082 ## - DEWEY DECIMAL CLASSIFICATION NUMBER
Classification number 348.023
Item number C678l
año de publicación 2003
110 ## - MAIN ENTRY--CORPORATE NAME
Corporate name or jurisdiction name as entry element Asamblea Legislativa
245 #0 - TITLE STATEMENT
Title Ley de la jurisdicción contencioso administrativo/
Remainder of title Asamblea Legislativa
260 ## - PUBLICATION, DISTRIBUTION, ETC. (IMPRINT)
Place of publication, distribution, etc El Salvador;
Name of publisher, distributor, etc Corte suprema de justicia,
Date of publication, distribution, etc 2003
300 ## - PHYSICAL DESCRIPTION
Extent 16 p.:
Dimensions 22 cm.
505 ## - FORMATTED CONTENTS NOTE
Formatted contents note Capitulo I. Jurisdicción y competencia <br/>Capitulo II. Demanda<br/>Capitulo III. Suspensión del acto administrativo impugnado<br/>Capitulo IV. Procedimiento<br/>Capitulo V. Sentencia y su ejecución<br/>Capitulo VI. Otras causas de terminación<br/>Capitulo VII. Suspensión de la ejecución de la sentencia<br/>Capitulo VIII. Disposiciones generales
650 ## - SUBJECT ADDED ENTRY--TOPICAL TERM
Source of heading or term LEMB
Topical term or geographic name as entry element Administración publica
942 ## - ADDED ENTRY ELEMENTS (KOHA)
Koha item type Libros
Source of classification or shelving scheme Dewey Decimal Classification
Existencias
Withdrawn status Lost status Source of classification or shelving scheme Damaged status Not for loan Collection code Home library Current library Date acquired Total Checkouts Full call number Barcode Date last seen Copy number Price effective from Koha item type
    Dewey Decimal Classification     Colección General Biblioteca UPAN San Vicente Biblioteca UPAN San Vicente 09/06/2023   348.023 C678l 12001051 09/06/2023 01 09/06/2023 Libros
    Dewey Decimal Classification     Colección General Biblioteca UPAN San Vicente Biblioteca UPAN San Vicente 09/06/2023   348.023 C678l 12001052 13/06/2023 02 09/06/2023 Libros
    Dewey Decimal Classification     Colección General Biblioteca UPAN San Vicente Biblioteca UPAN San Vicente 16/10/2024   348.023 C678l 12001050 16/10/2024 03 16/10/2024 Libros